[Event "Thüringenliga 2025/26"]
[Site "?"]
[Date "2026.03.29"]
[Round "8.8"]
[White "Michael, Torsten"]
[Black "Gast, Rainer"]
[Result "0-1"]
[WhiteElo "1749"]
[BlackElo "1891"]
[WhiteFideId "-1"]
[BlackFideId "-1"]
[PlyCount "96"]
[GameId "2296309795217572"]
[EventDate "2025.09.14"]
[EventType "team-tourn"]
[EventRounds "9"]
[SourceTitle "Thueringer Schachbund"]
[Source "ThSB"]
[SourceDate "2025.09.14"]
[SourceVersion "1"]
[SourceVersionDate "2025.09.14"]
[SourceQuality "1"]
[WhiteTeam "Ilmenauer SV"]
[BlackTeam "SC Rochade Leinefelde"]

{[%evp 0,96,22,11,68,74,57,44,33,31,45,27,26,20,-1,7,9,10,16,13,21,-1,3,-8,-9,-13,-21,-35,-21,-27,-27,-35,-22,-20,0,-11,-22,-53,-49,-52,-22,-29,-24,-24,-12,-24,-15,-16,-9,-3,-4,-10,-9,-40,-42,-49,-39,-39,-35,-60,-50,-52,-48,-47,-56,-62,-55,-56,-48,-47,-47,-61,0,0,0,-92,-90,-192,-199,-168,-190,-173,-33,-21,-21,-61,-68,-74,-74,-69,-72,-98,-104,-144,-139,-168,-190,-233,-239]} 1. e4 c6 2. d4 d5 3. Nc3 dxe4 4. Nxe4 Nd7 5. Bc4 Ngf6 6. Ng5 e6 7. Ne2 h6 8. Nf3 Bd6 9. Bf4 Qc7 10. Qc1 b6 11. c3 Bb7 12. Bxd6 Qxd6 13. Qf4 Qxf4 14. Nxf4 Rc8 15. O-O-O O-O 16. Rhe1 Rfd8 17. h3 g5 18. Nd3 c5 19. dxc5 Bxf3 20. gxf3 Nxc5 21. Ne5 Rxd1+ 22. Rxd1 Rc7 23. h4 Ncd7 24. Nxd7 Nxd7 25. Be2 Kg7 26. a4 Kf6 27. hxg5+ hxg5 28. Kc2 Ke5 29. b4 Nf6 30. c4 Nd5 31. Kb3 Nf4 32. Bf1 f5 33. a5 bxa5 34. bxa5 Rb7+ 35. Kc3 g4 36. fxg4 fxg4 37. c5 Nd5+ 38. Kc4 Rb4+ 39. Kd3 Rd4+ 40. Kc2 Rxd1 41. Kxd1 Nc3+ 42. Kd2 Ne4+ 43. Ke3 Nxc5 44. Bc4 Nb7 45. a6 Nd6 46. f4+ gxf3 47. Bf1 Ne4 48. Bd3 Ng5 0-1

[Event "Thüringenliga 2025/26"]
[Site "?"]
[Date "2026.03.29"]
[Round "8.1"]
[White "Nguyen, Huy Dat"]
[Black "Machelett, Heiko"]
[Result "1/2-1/2"]
[WhiteElo "2069"]
[BlackElo "2290"]
[WhiteFideId "-1"]
[BlackFideId "-1"]
[PlyCount "32"]
[GameId "2296317498892655"]
[EventDate "2025.09.14"]
[EventType "team-tourn"]
[EventRounds "9"]
[SourceTitle "Thueringer Schachbund"]
[Source "ThSB"]
[SourceDate "2025.09.14"]
[SourceVersion "1"]
[SourceVersionDate "2025.09.14"]
[SourceQuality "1"]
[WhiteTeam "SV Medizin Erfurt"]
[BlackTeam "TSG Apolda"]

{[%evp 0,32,22,19,83,36,80,-4,-1,11,16,-5,3,0,14,13,-3,4,42,13,13,1,1,-9,-7,-10,6,-8,16,7,3,-43,-48,-49,-44]} 1. e4 g6 2. Bc4 Bg7 3. Qf3 e6 4. Ne2 Nc6 5. Bb3 Nge7 6. Nbc3 O-O 7. d3 a6 8. O-O Na5 9. Bg5 f6 10. Be3 d6 11. Qg3 Nxb3 12. axb3 Nc6 13. h4 Qe8 14. Nb5 Qf7 15. Nbd4 Nxd4 16. Bxd4 e5 1/2-1/2

[Event "Thüringenliga 2025/26"]
[Site "?"]
[Date "2026.03.29"]
[Round "8.2"]
[White "Walther, Andi"]
[Black "Wehner, Janis"]
[Result "1/2-1/2"]
[WhiteElo "2139"]
[BlackElo "2081"]
[WhiteFideId "-1"]
[BlackFideId "-1"]
[PlyCount "40"]
[GameId "2296317498937712"]
[EventDate "2025.09.14"]
[EventType "team-tourn"]
[EventRounds "9"]
[SourceTitle "Thueringer Schachbund"]
[Source "ThSB"]
[SourceDate "2025.09.14"]
[SourceVersion "1"]
[SourceVersionDate "2025.09.14"]
[SourceQuality "1"]
[WhiteTeam "TSG Apolda"]
[BlackTeam "SV Medizin Erfurt"]

{[%evp 0,40,22,22,22,5,30,37,34,37,33,46,34,32,44,25,52,25,31,38,52,51,38,-12,45,43,43,30,37,25,23,-11,-5,-67,-59,-63,-80,-82,-84,-86,-86,-73,-76]} 1. d4 Nf6 2. c4 g6 3. Nc3 Bg7 4. e4 d6 5. Nf3 O-O 6. Be2 e5 7. Be3 Ng4 8. Bg5 f6 9. Bh4 g5 10. Bg3 Nc6 11. h3 Nh6 12. d5 Ne7 13. Qd2 Ng6 14. Bh2 Nf4 15. Bf1 f5 16. g3 fxe4 17. Nxe4 Nxh3 18. Nfxg5 Nxg5 19. Qxg5 Qxg5 20. Nxg5 Bf5 1/2-1/2

[Event "Thüringenliga 2025/26"]
[Site "?"]
[Date "2026.03.29"]
[Round "8.4"]
[White "Kroh, Christian"]
[Black "Müller-Ludwig, Kristin"]
[Result "0-1"]
[WhiteElo "1870"]
[BlackElo "1965"]
[WhiteFideId "-1"]
[BlackFideId "-1"]
[PlyCount "102"]
[GameId "2296317499011442"]
[EventDate "2025.09.14"]
[EventType "team-tourn"]
[EventRounds "9"]
[SourceTitle "Thueringer Schachbund"]
[Source "ThSB"]
[SourceDate "2025.09.14"]
[SourceVersion "1"]
[SourceVersionDate "2025.09.14"]
[SourceQuality "1"]
[WhiteTeam "TSG Apolda"]
[BlackTeam "SV Medizin Erfurt"]

{[%evp 0,102,22,22,24,22,22,15,16,43,16,11,44,28,67,72,50,-12,-5,-5,-13,-18,1,0,-12,-20,-3,-146,-146,-154,-151,-150,-154,-155,-137,-166,-114,-109,-100,-99,-99,-99,-99,-110,-104,-123,-114,-118,-115,-114,-114,-114,-115,-115,-115,-107,-115,-122,-115,-123,-124,-139,-137,-128,-114,-104,-110,-119,-121,-122,-127,-134,-139,-152,-151,-151,-154,-136,-166,-172,-140,-192,-171,-183,-130,-173,-184,-235,-202,-199,-190,-261,-213,-292,-298,-338,-368,-404,-431,-452,-547,-581,-675,-1006,-1117]} 1. d4 Nf6 2. Nf3 d5 3. e3 Bg4 4. c4 e6 5. Qb3 Qc8 6. Ne5 Bf5 7. Nc3 c6 8. Be2 Nbd7 9. O-O Be7 10. cxd5 exd5 11. Bd2 O-O 12. Rfc1 Qb8 13. Qd1 Nxe5 14. dxe5 Qxe5 15. a3 Bd6 16. g3 Rad8 17. b4 d4 18. exd4 Qxd4 19. Be3 Qxd1+ 20. Rxd1 Be5 21. Rxd8 Rxd8 22. Rc1 Bxc3 23. Rxc3 Nd5 24. Rb3 Bc2 25. Rb2 Nxe3 26. fxe3 Be4 27. Kf2 Rd6 28. a4 Kf8 29. a5 Ke7 30. Bc4 Rd1 31. Bf1 Rb1 32. Rxb1 Bxb1 33. Kf3 Kd6 34. Bc4 f6 35. h4 c5 36. b5 b6 37. axb6 axb6 38. Kf4 Bg6 39. g4 Be8 40. Bd3 Bd7 41. g5 h6 42. gxh6 gxh6 43. Ke4 Be6 44. Bc2 Bg8 45. Kf4 Bc4 46. Ba4 Bd3 47. e4 c4 48. Ke3 Ke5 49. Bd1 Bxe4 50. Be2 c3 51. Bd3 c2 0-1

[Event "Thüringenliga 2025/26"]
[Site "?"]
[Date "2026.03.29"]
[Round "8.5"]
[White "Nguyen, Ha Thanh"]
[Black "Maiwald, Harald"]
[Result "1/2-1/2"]
[WhiteElo "1866"]
[BlackElo "1994"]
[WhiteFideId "-1"]
[BlackFideId "-1"]
[PlyCount "136"]
[GameId "2296317499048307"]
[EventDate "2025.09.14"]
[EventType "team-tourn"]
[EventRounds "9"]
[SourceTitle "Thueringer Schachbund"]
[Source "ThSB"]
[SourceDate "2025.09.14"]
[SourceVersion "1"]
[SourceVersionDate "2025.09.14"]
[SourceQuality "1"]
[WhiteTeam "SV Medizin Erfurt"]
[BlackTeam "TSG Apolda"]

{[%evp 0,136,22,33,52,59,37,4,10,30,24,9,14,12,44,33,37,1,11,-3,3,-14,-1,-7,-12,-8,-19,-22,-2,-6,0,5,37,21,18,28,49,30,20,13,5,-8,-10,-9,-17,-18,-13,-21,-9,-15,-7,-11,-11,-13,0,-8,5,-9,-2,-9,-4,0,3,19,8,11,11,18,21,0,0,0,9,7,0,0,0,-17,-8,-30,-43,-55,-25,-17,3,17,9,29,35,-8,-27,-27,-29,-20,-38,-51,-35,-32,-23,-27,-35,-46,-39,-36,-31,-95,-105,-106,-139,-177,-262,-261,-127,-120,-89,-148,0,0,0,0,0,0,0,0,0,0,0,0,0,0,0,0,0,0,0,0,0,0,0]} 1. e4 c5 2. Nf3 Nc6 3. c3 Nf6 4. e5 Nd5 5. d4 cxd4 6. cxd4 d6 7. Bc4 Nb6 8. Bb3 Bf5 9. Nc3 e6 10. Be3 Be7 11. O-O O-O 12. Bc2 Bxc2 13. Qxc2 dxe5 14. dxe5 Nc4 15. Bf4 Nd4 16. Nxd4 Qxd4 17. Ne2 Qd5 18. Rfd1 Qb5 19. Nd4 Qa6 20. Qe2 Rac8 21. b3 Nb6 22. Qxa6 bxa6 23. Bc1 Rfd8 24. Bb2 Nd5 25. Rac1 Bg5 26. Rxc8 Rxc8 27. g3 Kf8 28. h4 Bd8 29. Rc1 Rxc1+ 30. Bxc1 Bb6 31. Bb2 Nb4 32. a3 Nd3 33. Bc3 Ke8 34. Kf1 Kd7 35. f4 Nc5 36. Kg2 Ne4 37. Bb2 h5 38. Nf3 Kc6 39. Nd4+ Kd5 40. Ne2 a5 41. f5 Be3 42. fxe6 fxe6 43. Kf3 Bh6 44. Nc3+ Nxc3 45. Bxc3 a4 46. bxa4 Bc1 47. g4 hxg4+ 48. Kxg4 g6 49. a5 a6 50. a4 Kc4 51. Be1 Kd4 52. h5 gxh5+ 53. Kxh5 Kxe5 54. Kg6 Kd5 55. Kf7 Ba3 56. Ke8 Kc4 57. Kd7 Bb4 58. Bxb4 Kxb4 59. Kxe6 Kxa5 60. Kd5 Kxa4 61. Kc4 Ka3 62. Kc3 a5 63. Kc2 Ka2 64. Kc1 a4 65. Kc2 a3 66. Kc1 Kb3 67. Kb1 a2+ 68. Ka1 Ka3 1/2-1/2

[Event "Thüringenliga 2025/26"]
[Site "?"]
[Date "2026.03.29"]
[Round "8.7"]
[White "Reichel, Norbert"]
[Black "Krug, Klaus-Peter"]
[Result "1/2-1/2"]
[WhiteElo "1906"]
[BlackElo "1814"]
[WhiteFideId "-1"]
[BlackFideId "-1"]
[PlyCount "21"]
[GameId "2296317499122037"]
[EventDate "2025.09.14"]
[EventType "team-tourn"]
[EventRounds "9"]
[SourceTitle "Thueringer Schachbund"]
[Source "ThSB"]
[SourceDate "2025.09.14"]
[SourceVersion "1"]
[SourceVersionDate "2025.09.14"]
[SourceQuality "1"]
[WhiteTeam "SV Medizin Erfurt"]
[BlackTeam "TSG Apolda"]

{[%evp 0,21,22,-12,38,13,21,12,19,15,26,28,15,30,43,18,18,6,53,9,86,-2,5,4]} 1. c4 c6 2. e4 d5 3. exd5 cxd5 4. d4 e6 5. Nf3 Nf6 6. Nc3 Be7 7. c5 O-O 8. Bd3 a5 9. Ne5 b6 10. cxb6 Qxb6 11. O-O 1/2-1/2

[Event "Thüringenliga 2025/26"]
[Site "?"]
[Date "2026.03.29"]
[Round "8.8"]
[White "Stolz, Markus"]
[Black "Fischer, Kay"]
[Result "1/2-1/2"]
[WhiteElo "1723"]
[BlackElo "1865"]
[WhiteFideId "-1"]
[BlackFideId "-1"]
[PlyCount "65"]
[GameId "2296317499158902"]
[EventDate "2025.09.14"]
[EventType "team-tourn"]
[EventRounds "9"]
[SourceTitle "Thueringer Schachbund"]
[Source "ThSB"]
[SourceDate "2025.09.14"]
[SourceVersion "1"]
[SourceVersionDate "2025.09.14"]
[SourceQuality "1"]
[WhiteTeam "TSG Apolda"]
[BlackTeam "SV Medizin Erfurt"]

{[%evp 0,65,22,22,18,18,22,26,16,24,32,19,30,29,19,24,61,26,45,31,31,-6,4,12,18,5,8,12,32,45,19,18,28,54,43,44,41,1,-8,2,-31,15,41,10,0,23,63,49,27,55,75,33,28,48,60,66,100,124,163,15,29,16,13,8,21,8,18,18]} 1. d4 d5 2. Nf3 Nf6 3. Bf4 e6 4. e3 Bd6 5. Bg3 Ne4 6. Bd3 Nxg3 7. hxg3 g6 8. Nbd2 Nd7 9. c3 c5 10. a4 c4 11. Bc2 f5 12. b3 cxb3 13. Bxb3 b6 14. c4 Bb7 15. a5 bxa5 16. c5 Bc7 17. Ba4 Ba6 18. Bc6 Rb8 19. Qa4 Rb4 20. Qxb4 axb4 21. Rxa6 O-O 22. Rxa7 Nb8 23. Bb5 Rf7 24. Ke2 g5 25. Rh6 g4 26. Ne1 Re7 27. Nd3 Kg7 28. Rh1 Ba5 29. Rxe7+ Qxe7 30. Ra1 Bd8 31. Rb1 Ba5 32. Ra1 Bd8 33. Rb1 1/2-1/2

[Event "Thüringenliga 2025/26"]
[Site "?"]
[Date "2026.03.29"]
[Round "8.1"]
[White "Junge, Mattheo Gabriel"]
[Black "Brüggemann, Joachim"]
[Result "1/2-1/2"]
[WhiteElo "1924"]
[BlackElo "2159"]
[WhiteFideId "-1"]
[BlackFideId "-1"]
[PlyCount "122"]
[GameId "2296310172111118"]
[EventDate "2025.09.14"]
[EventType "team-tourn"]
[EventRounds "9"]
[SourceTitle "Thueringer Schachbund"]
[Source "ThSB"]
[SourceDate "2025.09.14"]
[SourceVersion "1"]
[SourceVersionDate "2025.09.14"]
[SourceQuality "1"]
[WhiteTeam "SV Schott Jena"]
[BlackTeam "Erfurter SK 2"]

{[%evp 0,32,19,28,54,62,89,47,69,16,6,-8,-22,-27,-13,-25,-18,-18,-21,-7,-2,-1,4,4,27,-11,-9,-21,0,-13,-22,-25,0,0,35]} 1. e4 c5 2. Nf3 d6 3. Bb5+ Nd7 4. c3 Ngf6 5. Bd3 e6 6. O-O Be7 7. Re1 b6 8. Bc2 Bb7 9. d4 Qc7 10. Bf4 e5 11. Bg3 a6 12. Nbd2 b5 13. a4 O-O 14. d5 c4 15. Bh4 Rab8 16. Qe2 Bc8 17. axb5 axb5 18. Bg5 Nc5 19. h3 h6 20. Be3 Nh7 21. Nh2 Bg5 22. f4 exf4 23. Bd4 Bf6 24. Ndf3 Re8 25. Qf2 Nd3 26. Bxd3 cxd3 27. Qd2 b4 28. Qxd3 bxc3 29. bxc3 Bxd4+ 30. cxd4 Nf6 31. Rac1 Qa5 32. Ra1 Qd8 33. Nd2 Bd7 34. Nhf3 g5 35. Qa3 Bb5 36. Qa5 Bd3 37. e5 dxe5 38. Nxe5 Bb5 39. Ndf3 Qxd5 40. Rac1 Rbc8 41. Qb6 Rxc1 42. Rxc1 Re6 43. Qb8+ Be8 44. Rc7 Kg7 45. Qa7 Rd6 46. Re7 Qb3 47. Kh2 h5 48. Rb7 Qd5 49. Nxg5 Nd7 50. Ngxf7 Bxf7 51. Rxd7 Rxd7 52. Qxd7 Qxd7 53. Nxd7 Bd5 54. Kg1 Kf7 55. Kf2 Ke6 56. Nc5+ Kf5 57. g3 fxg3+ 58. Kxg3 Bc4 59. Kh4 Bf1 60. Nb3 Kf4 61. Nd2 Bg2 1/2-1/2

[Event "Thüringenliga 2025/26"]
[Site "?"]
[Date "2026.03.29"]
[Round "8.2"]
[White "Kölsch, Maximilian"]
[Black "Abou Wally, Adrian"]
[Result "1-0"]
[WhiteElo "2170"]
[BlackElo "1923"]
[WhiteFideId "-1"]
[BlackFideId "-1"]
[PlyCount "79"]
[GameId "2296313231114559"]
[EventDate "2025.09.14"]
[EventType "team-tourn"]
[EventRounds "9"]
[SourceTitle "Thueringer Schachbund"]
[Source "ThSB"]
[SourceDate "2025.09.14"]
[SourceVersion "1"]
[SourceVersionDate "2025.09.14"]
[SourceQuality "1"]
[WhiteTeam "Erfurter SK 2"]
[BlackTeam "SV Schott Jena"]

{[%evp 0,46,25,18,25,-13,40,37,76,24,10,15,30,6,-9,-9,-9,-23,-23,-52,-35,-32,-29,-29,-5,-39,-10,-31,7,15,2,-2,15,-15,-16,-24,-24,-27,-30,-28,7,7,-1,14,24,18,32,10,42]} 1. d4 Nf6 2. c4 g6 3. Nc3 d5 4. g3 c5 5. Bg2 cxd4 6. Nxd5 Nxd5 7. cxd5 Bg7 8. e4 dxe3 9. fxe3 O-O 10. Ne2 Nd7 11. O-O h5 12. Nf4 Ne5 13. Qb3 Qd6 14. Bd2 a5 15. Rac1 b6 16. Rc2 Ba6 17. Rfc1 Rac8 18. h3 Rxc2 19. Rxc2 h4 20. gxh4 Rc8 21. Rxc8+ Bxc8 22. Qc2 Ba6 23. b3 Nd7 24. Qd1 Be5 25. h5 Kh7 26. hxg6+ fxg6 27. Ne6 Nf6 28. Be1 Bc8 29. Ng5+ Kg7 30. Qc2 Bf5 31. e4 Bd7 32. Nf3 Bg3 33. Qc3 Bxe1 34. Nxe1 Qc5+ 35. Qxc5 bxc5 36. Nd3 Bb5 37. Nxc5 Ne8 38. e5 g5 39. Kf2 Kg6 40. a4 1-0

[Event "Thüringenliga 2025/26"]
[Site "?"]
[Date "2026.03.29"]
[Round "8.3"]
[White "Kaipalath, Varun Raj"]
[Black "Seinsoth, Paul"]
[Result "0-1"]
[WhiteElo "1899"]
[BlackElo "2031"]
[WhiteFideId "-1"]
[BlackFideId "-1"]
[PlyCount "106"]
[GameId "2296317499269497"]
[EventDate "2025.09.14"]
[EventType "team-tourn"]
[EventRounds "9"]
[SourceTitle "Thueringer Schachbund"]
[Source "ThSB"]
[SourceDate "2025.09.14"]
[SourceVersion "1"]
[SourceVersionDate "2025.09.14"]
[SourceQuality "1"]
[WhiteTeam "SV Schott Jena"]
[BlackTeam "Erfurter SK 2"]

{[%evp 0,100,22,25,51,43,80,70,58,36,27,42,59,45,41,53,32,34,26,27,53,57,49,15,52,52,81,27,22,34,45,29,94,93,109,101,93,69,67,65,54,51,51,51,51,46,35,15,7,5,2,9,12,-36,-14,-56,-64,-76,-33,-46,-37,-37,-45,-71,-53,-50,-42,-57,-44,-41,-24,0,0,0,0,0,-8,-43,0,0,8,5,5,4,4,2,1,0,0,-4,-4,-172,-102,-201,-202,-266,-266,-1032,-1032,-1032,-1044,-1025,-1022]} 1. e4 c5 2. Nf3 d6 3. d4 cxd4 4. Nxd4 Nf6 5. Nc3 a6 6. f3 e5 7. Nb3 Be7 8. Be3 Be6 9. Qd2 h5 10. Be2 Nbd7 11. Nd5 Bxd5 12. exd5 a5 13. Rc1 a4 14. Na1 O-O 15. O-O b6 16. c4 g6 17. Nc2 Nh7 18. Nb4 Bg5 19. Nc6 Bxe3+ 20. Qxe3 Qg5 21. Qxg5 Nxg5 22. h4 Nh7 23. g4 hxg4 24. fxg4 Kg7 25. Kg2 Nhf6 26. Bd1 Nc5 27. g5 Nfe4 28. Rf3 Rh8 29. Rh3 f5 30. gxf6+ Nxf6 31. Bc2 Nh5 32. Rh2 Nf4+ 33. Kg3 Kf6 34. Rf1 Rh6 35. Nd4 Rah8 36. Ne2 g5 37. hxg5+ Kxg5 38. Nxf4 exf4+ 39. Rxf4 Rh3+ 40. Rxh3 Rxh3+ 41. Kxh3 Kxf4 42. b4 axb3 43. axb3 Ke3 44. b4 Na6 45. b5 Nc5 46. Bb1 Kd4 47. Ba2 Kc3 48. Kg4 Kb2 49. Kf5 Kxa2 50. Kf6 Kb3 51. Ke7 Kxc4 52. Kxd6 Kxb5 53. Kc7 Ne4 0-1

[Event "Thüringenliga 2025/26"]
[Site "?"]
[Date "2026.03.29"]
[Round "8.5"]
[White "Brömel, Richard"]
[Black "Zitzelsberger, Philipp"]
[Result "1/2-1/2"]
[WhiteElo "1972"]
[BlackElo "1954"]
[WhiteFideId "-1"]
[BlackFideId "-1"]
[PlyCount "30"]
[GameId "2296317499339131"]
[EventDate "2025.09.14"]
[EventType "team-tourn"]
[EventRounds "9"]
[SourceTitle "Thueringer Schachbund"]
[Source "ThSB"]
[SourceDate "2025.09.14"]
[SourceVersion "1"]
[SourceVersionDate "2025.09.14"]
[SourceQuality "1"]
[WhiteTeam "SV Schott Jena"]
[BlackTeam "Erfurter SK 2"]

{[%evp 0,30,22,22,22,22,44,12,0,4,22,25,53,30,28,30,29,26,14,21,12,9,13,-7,46,53,51,31,40,18,28,-1,-1]} 1. d4 Nf6 2. Nf3 g6 3. c3 Bg7 4. Bf4 d6 5. Nbd2 c5 6. e3 cxd4 7. exd4 O-O 8. Bc4 Nbd7 9. O-O Nb6 10. Bb3 Nbd5 11. Bg5 Be6 12. Re1 Qd7 13. Bxf6 exf6 14. Nf1 b5 15. Ne3 Nxe3 1/2-1/2

[Event "Thüringenliga 2025/26"]
[Site "?"]
[Date "2026.04.07"]
[Round "8.6"]
[White "Apel, Linus"]
[Black "Bönisch, Julian"]
[Result "1-0"]
[WhiteElo "1935"]
[BlackElo "1851"]
[WhiteFideId "-1"]
[BlackFideId "-1"]
[PlyCount "79"]
[GameId "2296283740420476"]
[EventDate "2025.09.14"]
[EventType "team-tourn"]
[EventRounds "9"]
[SourceTitle "Thueringer Schachbund"]
[Source "ThSB"]
[SourceDate "2025.09.14"]
[SourceVersion "1"]
[SourceVersionDate "2025.09.14"]
[SourceQuality "1"]
[WhiteTeam "Erfurter SK 2"]
[BlackTeam "SV Schott Jena"]

{[%evp 0,38,19,38,42,38,29,38,70,30,31,21,28,27,0,0,0,0,0,19,-3,-35,22,11,24,26,67,62,72,82,82,84,92,50,53,53,69,69,66,46,72]} 1. e4 e6 2. d4 d5 3. Nc3 Nf6 4. e5 Nfd7 5. f4 c5 6. Nf3 Nc6 7. Be3 Qb6 8. Na4 Qa5+ 9. c3 cxd4 10. b4 Qc7 11. Nxd4 Nxd4 12. Bxd4 a6 13. Bd3 b5 14. Nb2 Nb6 15. a4 Nc4 16. Nxc4 bxc4 17. Bc2 a5 18. b5 Bc5 19. O-O O-O 20. Kh1 f6 21. exf6 Bxd4 22. Qxd4 Rxf6 23. Rae1 Bd7 24. Re5 Qa7 25. Rd1 Qxd4 26. Rxd4 Raf8 27. g3 h6 28. h4 Bc8 29. Kg2 Bb7 30. Kf3 Kf7 31. g4 g5 32. hxg5 hxg5 33. Rxg5 Rh8 34. Ke3 Rh3+ 35. Kd2 Rf3 36. Rh5 Ke7 37. g5 R6xf4 38. Rxf4 Rxf4 39. Rh7+ Rf7 40. g6 1-0

[Event "Thüringenliga 2025/26"]
[Site "?"]
[Date "2026.03.29"]
[Round "8.7"]
[White "Jung, Florian"]
[Black "Tran, Anh Duc Kevin"]
[Result "1-0"]
[WhiteElo "1961"]
[BlackElo "1893"]
[WhiteFideId "-1"]
[BlackFideId "-1"]
[PlyCount "79"]
[GameId "2296317499408765"]
[EventDate "2025.09.14"]
[EventType "team-tourn"]
[EventRounds "9"]
[SourceTitle "Thueringer Schachbund"]
[Source "ThSB"]
[SourceDate "2025.09.14"]
[SourceVersion "1"]
[SourceVersionDate "2025.09.14"]
[SourceQuality "1"]
[WhiteTeam "SV Schott Jena"]
[BlackTeam "Erfurter SK 2"]

{[%evp 0,79,22,18,22,-11,25,24,16,24,14,10,38,35,27,7,15,-1,9,-8,-4,-15,35,30,63,41,50,42,74,73,74,63,63,11,50,23,41,46,76,77,89,46,41,19,29,43,25,-86,-12,-29,-4,-4,-3,6,10,-24,-18,-35,70,70,78,81,77,73,78,61,76,82,74,62,74,67,71,74,87,65,61,-89,23,27,309,301]} 1. Nf3 Nf6 2. g3 b6 3. Bg2 Bb7 4. O-O e6 5. c4 c5 6. Nc3 Be7 7. d3 d6 8. Rb1 Nbd7 9. Re1 O-O 10. h3 h5 11. e4 Qc7 12. Bf4 a6 13. Qe2 e5 14. Bg5 Rfe8 15. Nd2 g6 16. Nf1 Bc6 17. f4 b5 18. Ne3 Kg7 19. Qf2 b4 20. Bxf6+ Nxf6 21. Ncd5 Nxd5 22. cxd5 Bb5 23. Bf1 Bf6 24. f5 g5 25. Be2 Rh8 26. Ra1 a5 27. Rec1 a4 28. Qe1 Rh7 29. Qxb4 Qb8 30. Qc3 g4 31. h4 Rh8 32. b4 Rc8 33. bxc5 Rxc5 34. Qa3 Rxc1+ 35. Rxc1 Qa7 36. Kf2 Rd8 37. Bd1 Qd4 38. Rc2 Qxd3 39. Qb4 Be8 40. Rc4 1-0

[Event "Thüringenliga 2025/26"]
[Site "?"]
[Date "2026.03.29"]
[Round "8.8"]
[White "Heitmann, Erik"]
[Black "Vater, Rainer"]
[Result "1-0"]
[WhiteElo "1892"]
[BlackElo "1848"]
[WhiteFideId "-1"]
[BlackFideId "-1"]
[PlyCount "149"]
[GameId "2296317499445630"]
[EventDate "2025.09.14"]
[EventType "team-tourn"]
[EventRounds "9"]
[SourceTitle "Thueringer Schachbund"]
[Source "ThSB"]
[SourceDate "2025.09.14"]
[SourceVersion "1"]
[SourceVersionDate "2025.09.14"]
[SourceQuality "1"]
[WhiteTeam "Erfurter SK 2"]
[BlackTeam "SV Schott Jena"]

{[%evp 0,123,22,22,18,-9,33,34,47,39,72,64,62,69,69,53,64,36,34,28,28,4,41,25,28,-38,76,63,46,15,15,-8,-8,-8,31,29,43,-12,-19,-73,-72,-73,-63,-61,-36,-48,-54,-78,-51,-50,-51,-47,-55,-79,-79,-79,-47,-55,-57,-75,-78,-89,-82,-90,-86,-157,-161,-221,-189,-185,-109,-104,-96,-96,-95,-105,-93,-102,-98,-108,-106,-106,-95,-104,-98,-106,-99,-106,-96,-100,-96,-100,-101,-104,-104,-109,-104,-104,-101,-105,-38,-104,-104,-106,-101,-115,-108,-108,-106,-119,-119,-119,-121,-121,-113,-117,-61,-106,-78,-70,1,-1,189,189,189,189]} 1. d4 d5 2. c4 c6 3. e3 e6 4. Nc3 f5 5. Nf3 Nf6 6. Bd3 Bd6 7. Rb1 O-O 8. c5 Bc7 9. b4 Ne4 10. Bb2 Nd7 11. Ne2 Qe7 12. Ne5 Rf6 13. f3 Ng5 14. Nxd7 Bxd7 15. h4 Nf7 16. f4 Rh6 17. g3 g5 18. fxg5 Nxg5 19. Rf1 Ne4 20. Bxe4 fxe4 21. Nf4 Bxf4 22. Rxf4 Rf8 23. Kd2 Rxf4 24. exf4 Rg6 25. Qb3 Qg7 26. Rg1 Rg4 27. Qe3 Be8 28. Ke2 Bh5 29. Kf2 Rg6 30. Bc1 Bf3 31. Qc3 Qf6 32. Bd2 Qf5 33. Ke3 Qg4 34. Be1 Bd1 35. Kd2 Ba4 36. Bf2 Bb5 37. Qe3 Qf5 38. Ra1 Bd3 39. a3 Rg7 40. Rc1 Qg4 41. Rc3 Bb5 42. Rc1 Qg6 43. Ra1 Ba4 44. Rc1 Qe8 45. Qe2 Bb5 46. Qd1 Qg6 47. Qe1 Qg4 48. Qe3 Qh3 49. Rg1 Bf1 50. Qe1 Bc4 51. Qe3 Qf5 52. Rc1 Rf7 53. Re1 Bd3 54. Kc1 b6 55. cxb6 axb6 56. Kb2 Qf6 57. Rc1 Rc7 58. Qd2 Qf8 59. Qd1 Qg7 60. Qh5 c5 61. Qe8+ Qf8 62. Qxe6+ Qf7 63. Qxf7+ Kxf7 64. dxc5 bxc5 65. Rxc5 Rd7 66. Kc3 Ke6 67. Kd4 Bc4 68. g4 Kd6 69. f5 Ke7 70. Ke5 Kf7 71. Be3 Rb7 72. Rc6 Re7+ 73. Re6 Rd7 74. Rf6+ Kg7 75. Bh6+ 1-0

[Event "Thüringenliga 2025/26"]
[Site "?"]
[Date "2026.03.29"]
[Round "8.1"]
[White "Darr, Sascha"]
[Black "Franke, Luca"]
[Result "0-1"]
[WhiteElo "2069"]
[BlackElo "2061"]
[WhiteFideId "-1"]
[BlackFideId "-1"]
[PlyCount "64"]
[GameId "2296317645279661"]
[EventDate "2025.09.14"]
[EventType "team-tourn"]
[EventRounds "9"]
[SourceTitle "Thueringer Schachbund"]
[Source "ThSB"]
[SourceDate "2025.09.14"]
[SourceVersion "1"]
[SourceVersionDate "2025.09.14"]
[SourceQuality "1"]
[WhiteTeam "fuß brothers Jena"]
[BlackTeam "SV 1861 Liebschwitz"]

{[%evp 0,64,22,22,22,-3,34,34,34,33,33,3,4,4,34,24,16,9,40,29,12,-10,-11,-12,-16,-55,-27,-35,-24,-22,25,5,38,14,-41,-10,-10,-17,-9,-17,-4,10,-48,-18,173,146,157,143,137,88,73,-289,-308,-309,-320,-608,-636,-648,-656,-643,-651,-643,-407,-663,-458,-480,-483]} 1. d4 Nf6 2. c4 g6 3. Nc3 Bg7 4. e4 d6 5. f3 O-O 6. Be3 a6 7. Nge2 Nbd7 8. Qd2 b5 9. Ng3 b4 10. Nd1 a5 11. h4 h5 12. Bh6 e5 13. Bxg7 Kxg7 14. Ne3 Nb6 15. Rd1 Qe7 16. Nd5 Nfxd5 17. cxd5 f5 18. dxe5 Qxe5 19. Qg5 Kh7 20. Bd3 Na4 21. f4 Qd4 22. exf5 Nxb2 23. Qxg6+ Kh8 24. Qh6+ Kg8 25. f6 Nxd3+ 26. Rxd3 Re8+ 27. Kd2 Qb2+ 28. Kd1 Bg4+ 29. Rf3 Bxf3+ 30. gxf3 Qd4+ 31. Kc1 Qc3+ 32. Kb1 Re1+ 0-1